Loading...
| Current Events | 3 | 20.00 | 100% | 67% | 33% | 
| Fine Arts - Auditory Fine Arts | 4 | 12.50 | 75% | 50% | 0% | 
| Fine Arts - Other Fine Arts | 7 | 15.71 | 100% | 29% | 29% | 
| Fine Arts - Visual Fine Arts | 2 | 5.00 | 50% | 0% | 0% | 
| Geography | 2 | 15.00 | 100% | 50% | 0% | 
| History - American History | 1 | 10.00 | 100% | 0% | 0% | 
| History - European History | 2 | 25.00 | 100% | 100% | 50% | 
| History - Other History | 2 | 10.00 | 100% | 0% | 0% | 
| History - World History | 3 | 20.00 | 100% | 67% | 33% | 
| Literature - American Literature | 4 | 7.50 | 50% | 25% | 0% | 
| Literature - British Literature | 3 | 6.67 | 67% | 0% | 0% | 
| Literature - European Literature | 3 | 6.67 | 67% | 0% | 0% | 
| Literature - World Literature | 2 | 10.00 | 100% | 0% | 0% | 
| Mythology | 2 | 10.00 | 100% | 0% | 0% | 
| Philosophy | 2 | 10.00 | 100% | 0% | 0% | 
| Religion | 2 | 10.00 | 100% | 0% | 0% | 
| Science - Biology | 2 | 5.00 | 50% | 0% | 0% | 
| Science - Chemistry | 2 | 10.00 | 100% | 0% | 0% | 
| Science - Other Science | 5 | 10.00 | 80% | 20% | 0% | 
| Science - Physics | 4 | 2.50 | 25% | 0% | 0% | 
| Social Science | 2 | 15.00 | 50% | 100% | 0% |